Normal view
MARC view
- Shah, Ayman
Entry Personal Name
001 - CONTROL NUMBER
- control field: 17951
003 - CONTROL NUMBER IDENTIFIER
- control field: NUST
005 - DATE AND TIME OF LATEST TRANSACTION
- control field: 20190718052844.0
008 - FIXED-LENGTH DATA ELEMENTS
- fixed length control field: 190718|| aca||aabn | a|a d
040 ## - CATALOGING SOURCE
- Original cataloging agency: NUST
- Transcribing agency: NUST
100 ## - HEADING--PERSONAL NAME
- Personal name: Shah, Ayman
670 ## - SOURCE DATA FOUND
- Source citation: Work cat.: (NUST): Shah, Ayman, Procurement Organizations and Their Potential Developing Nations /, 2017.
